00422nam a22001577a 450000500170000000800410001704000210005804100080007908200160008710000240010324500570012725000130018426000410019730000100023865000160024820240229124347.0240229b ||||| |||| 00| 0 eng d aIN-DiNCcIN-DiNC deng a954.03bSEN aSen, Sanjayeauthor aHistory of medieval India (Minor II)/cby Sanjay Sen a1st imp. aGuwahati:bAshok publication,c2024. a552p. aMughal rule